[Event "TCh-ESP Div 1 2016"]
[Site "Linares ESP"]
[Date "2016.08.24"]
[Round "5"]
[Board "1"]
[White "Alsina Leal, Daniel"]
[Black "Cordova, Emilio"]
[Result "1/2-1/2"]
[WhiteTitle "GM"]
[BlackTitle "GM"]
[WhiteElo "2521"]
[BlackElo "2627"]
[WhiteTeam "CLUB D'ESCACS BARBERA"]
[BlackTeam "OROMANA SCHNEIDER ELECTRIC"]
[WhiteFideId "2252627"]
[BlackFideId "3801497"]
[EventDate "2016.08.20"]

1. d4 Nf6 2. c4 c5 3. d5 a6 4. a4 e6 5. Nc3 exd5 6. cxd5 g6 7. Nf3 Bg7 8. Bf4 d6
9. e3 O-O 10. Be2 Re8 11. Nd2 Bf8 12. Nc4 Qc7 13. O-O Nbd7 14. Qb3 Rb8 15. Rfd1
Ne4 16. Nxe4 Rxe4 17. Qc2 Re8 18. Bf3 b6 19. h3 Nf6 20. e4 b5 21. axb5 axb5 22.
Na5 Bd7 23. b4 c4 24. Ra3 h6 25. Bg3 Rb6 26. Re3 Ra6 27. Qc3 Nh7 28. e5 dxe5 29.
Bxe5 Rxe5 30. Qxe5 Qxe5 31. Rxe5 Bd6 32. Re2 Bxb4 33. Nc6 Bd6 34. Rb2 c3 35.
Rxb5 c2 36. Re1 Ra4 37. Rb2 Bf5 38. g4 Ng5 39. Bg2 Bd3 40. h4 Rc4 41. Rxc2 Rxc2
42. hxg5 hxg5 43. Bf1 Bxf1 44. Kxf1 Rd2 45. Re2 Rd1+ 46. Re1 Rd3 47. Ke2 Rxd5 1/2-1/2

[Event "TCh-ESP Div 1 2016"]
[Site "Linares ESP"]
[Date "2016.08.24"]
[Round "5"]
[Board "2"]
[White "Fernandez Romero, Ernesto"]
[Black "Alonso Moyano, Jonathan"]
[Result "1/2-1/2"]
[WhiteTitle "IM"]
[BlackTitle "IM"]
[WhiteElo "2477"]
[BlackElo "2406"]
[WhiteTeam "OROMANA SCHNEIDER ELECTRIC"]
[BlackTeam "CLUB D'ESCACS BARBERA"]
[WhiteFideId "2214679"]
[BlackFideId "2216019"]
[EventDate "2016.08.20"]

1. e4 c5 2. Nf3 d6 3. d4 Nf6 4. Nc3 cxd4 5. Nxd4 a6 6. h3 e5 7. Nde2 h5 8. Bg5
Be7 9. Ng3 h4 10. Nf5 Bxf5 11. Bxf6 Be6 12. Bxe7 Qxe7 13. Nd5 Bxd5 14. Qxd5 Nc6
15. c3 O-O 16. Be2 Rfd8 17. O-O Qf6 18. Rad1 Rac8 19. a4 Rc7 20. Rd3 Qe7 21.
Rfd1 Na7 22. Qb3 Rc6 23. R1d2 Nc8 24. a5 Qc7 25. Qa3 Ne7 26. Bh5 g6 27. Bd1 Kg7
28. Be2 f5 29. exf5 gxf5 30. Rd1 Ng6 31. R3d2 Nf4 32. Bf1 Rc5 33. Qb4 d5 34. Qb6
Qxb6 35. axb6 Kf6 36. c4 d4 37. b4 Rc6 38. g3 hxg3 39. fxg3 Ne6 40. c5 e4 41. h4
d3 42. Kf2 a5 43. bxa5 Rxc5 44. Ra1 Ra8 45. a6 bxa6 46. Ke3 Ke5 47. Rb2 a5 48.
Ra4 Rg8 49. b7 Rb8 50. Bg2 Nc7 51. Bxe4 fxe4 52. Rxe4+ Kd5 53. Rb3 Kc6 54. g4
Nd5+ 55. Kxd3 Nb4+ 56. Ke3 Rxb7 57. Kf3 Rf7+ 58. Kg3 Kd5 59. Rbe3 Nd3 60. g5 Rc4
61. Rxc4 Kxc4 62. g6 Rg7 63. h5 a4 64. Re6 Nc5 65. Re1 a3 66. Kg4 a2 67. Ra1 Kb3
68. Kf5 Nd7 69. h6 Rxg6 70. Kxg6 Nf8+ 71. Kf7 Nh7 72. Kg8 Ng5 73. Kg7 Kb2 74.
Rh1 a1=Q 75. Rxa1 Kxa1 76. Kg6 Ne6 77. Kf6 Nf8 78. Kg7 Ne6+ 79. Kf7 Ng5+ 80. Kg6
Ne6 81. h7 Nf8+ 1/2-1/2

[Event "TCh-ESP Div 1 2016"]
[Site "Linares ESP"]
[Date "2016.08.24"]
[Round "5"]
[Board "3"]
[White "Martinez Ramirez, Erik"]
[Black "Teran Alvarez, Ismael"]
[Result "0-1"]
[WhiteTitle "FM"]
[BlackTitle "IM"]
[WhiteElo "2285"]
[BlackElo "2413"]
[WhiteTeam "CLUB D'ESCACS BARBERA"]
[BlackTeam "OROMANA SCHNEIDER ELECTRIC"]
[WhiteFideId "22202366"]
[BlackFideId "2204177"]
[EventDate "2016.08.20"]

1. e4 g6 2. d4 Bg7 3. Nc3 c6 4. Be3 d5 5. Qd2 dxe4 6. Nxe4 Nd7 7. O-O-O Ngf6 8.
Nxf6+ Nxf6 9. Nf3 O-O 10. Ne5 Be6 11. Bc4 Bxc4 12. Nxc4 Qd5 13. b3 Qxg2 14. Rhg1
Qh3 15. Ne5 Rad8 16. Qb4 Nd5 17. Qxb7 Nxe3 18. Rg3 Qxh2 19. Rxe3 Qxf2 20. Re4
Bxe5 21. Rxe5 Rxd4 22. Rde1 e6 23. Qxc6 Rfd8 24. a4 h5 25. Kb2 h4 26. R5e2 Qf4
27. Re3 Rd2 28. Rf3 Rxc2+ 29. Kxc2 Qd2+ 30. Kb1 Qxe1+ 31. Ka2 Qd2+ 32. Kb1 Qe2
33. Rc3 Rd4 0-1

[Event "TCh-ESP Div 1 2016"]
[Site "Linares ESP"]
[Date "2016.08.24"]
[Round "5"]
[Board "4"]
[White "Barrero Garcia, Carlos"]
[Black "Martin Capitan, Feliciano"]
[Result "1-0"]
[WhiteTitle "IM"]
[WhiteElo "2355"]
[BlackElo "2116"]
[WhiteTeam "OROMANA SCHNEIDER ELECTRIC"]
[BlackTeam "CLUB D'ESCACS BARBERA"]
[WhiteFideId "2219522"]
[BlackFideId "2223562"]
[EventDate "2016.08.20"]

1. Nf3 d5 2. c4 e6 3. g3 Nf6 4. Bg2 Be7 5. O-O O-O 6. b3 c5 7. e3 Nc6 8. Bb2 Qc7
9. Nc3 a6 10. cxd5 exd5 11. d4 Rd8 12. dxc5 Bxc5 13. Na4 Be7 14. Rc1 Bg4 15. Qd3
Rac8 16. Nd4 Qa5 17. Nxc6 bxc6 18. Bxf6 Bxf6 19. Rc5 Qb4 20. Qxa6 Qd2 21. Rxc6
h5 22. Rxc8 Bxc8 23. Qb6 Qxa2 24. h3 Qd2 25. Nc5 Bf5 26. b4 Re8 27. Qc6 Rc8 28.
Qb7 Rd8 29. Bf3 Bxh3 30. Rd1 Qc2 31. Rxd5 Rxd5 32. Bxd5 Qg6 33. Be4 Bf5 34. Nd7
Be7 35. Qc8+ Kh7 36. Bxf5 1-0

[Event "TCh-ESP Div 1 2016"]
[Site "Linares ESP"]
[Date "2016.08.25"]
[Round "6"]
[Board "1"]
[White "Granda Zuniga, Julio E"]
[Black "Cordova, Emilio"]
[Result "0-1"]
[WhiteTitle "GM"]
[BlackTitle "GM"]
[WhiteElo "2672"]
[BlackElo "2627"]
[WhiteTeam "AJEDREZ COLLADO VILLALBA"]
[BlackTeam "OROMANA SCHNEIDER ELECTRIC"]
[WhiteFideId "3800024"]
[BlackFideId "3801497"]
[EventDate "2016.08.20"]

1. d4 Nf6 2. c4 c5 3. d5 b5 4. cxb5 a6 5. bxa6 g6 6. Nc3 Bg7 7. e4 O-O 8. Nh3
Qa5 9. Bd2 Bxa6 10. Bxa6 Qxa6 11. Qe2 e6 12. Qxa6 Nxa6 13. dxe6 fxe6 14. e5 Nd5
15. f4 Rfb8 16. Rb1 Nxc3 17. Bxc3 d5 18. Ng5 Nc7 19. O-O Rxa2 20. Ra1 Rxa1 21.
Rxa1 h6 22. Nf3 d4 23. Ba5 Nd5 24. b4 cxb4 25. Nxd4 Nxf4 26. Nc6 Ra8 27. Rf1
Ne2+ 28. Kf2 Nd4 29. Nxd4 Rxa5 30. Rb1 Ra4 31. Nf3 Kf7 32. Ke3 Bf8 33. Rb2 Ra3+
34. Ke4 Bc5 35. h4 Rc3 0-1

[Event "TCh-ESP Div 1 2016"]
[Site "Linares ESP"]
[Date "2016.08.25"]
[Round "6"]
[Board "2"]
[White "Fernandez Romero, Ernesto"]
[Black "Vazquez Igarza, Renier"]
[Result "1/2-1/2"]
[WhiteTitle "IM"]
[BlackTitle "GM"]
[WhiteElo "2477"]
[BlackElo "2589"]
[WhiteTeam "OROMANA SCHNEIDER ELECTRIC"]
[BlackTeam "AJEDREZ COLLADO VILLALBA"]
[WhiteFideId "2214679"]
[BlackFideId "3503054"]
[EventDate "2016.08.20"]

1. e4 c5 2. Nf3 d6 3. d4 cxd4 4. Nxd4 Nf6 5. Nc3 a6 6. h3 e6 7. g4 Nc6 8. Bg2
Qc7 9. O-O h6 10. Nce2 Be7 11. f4 Nxd4 12. Nxd4 Bd7 13. Be3 d5 14. e5 Ne4 15.
Qd3 h5 16. g5 Ng3 17. Rfe1 Rc8 18. c3 Bc5 19. Bf2 Bxd4 20. Qxg3 Bxf2+ 21. Qxf2
Qc5 22. Rad1 Qxf2+ 23. Kxf2 Bb5 24. Rd4 g6 25. Ke3 Ke7 26. a4 Bc4 27. Bf1 Bxf1
28. Rxf1 Rc6 29. Rb4 b6 30. a5 b5 31. Kd2 Rhc8 32. Rf3 Rc4 33. b3 Rxb4 34. cxb4
Kd7 1/2-1/2

[Event "TCh-ESP Div 1 2016"]
[Site "Linares ESP"]
[Date "2016.08.25"]
[Round "6"]
[Board "3"]
[White "Moreno Ruiz, Javier"]
[Black "Teran Alvarez, Ismael"]
[Result "1-0"]
[WhiteTitle "IM"]
[BlackTitle "IM"]
[WhiteElo "2438"]
[BlackElo "2413"]
[WhiteTeam "AJEDREZ COLLADO VILLALBA"]
[BlackTeam "OROMANA SCHNEIDER ELECTRIC"]
[WhiteFideId "2203146"]
[BlackFideId "2204177"]
[EventDate "2016.08.20"]

1. d4 d5 2. c4 e6 3. Nc3 c6 4. e4 Bb4 5. cxd5 exd5 6. e5 c5 7. a3 Bxc3+ 8. bxc3
Nc6 9. Nf3 Nge7 10. Be2 O-O 11. O-O Bf5 12. dxc5 Qa5 13. Qb3 Rab8 14. Be3 Be4
15. Rfd1 Nf5 16. Bf4 Rbc8 17. Ng5 Qxc5 18. e6 Nd8 19. exf7+ Kh8 20. Nxe4 dxe4
21. Rd5 1-0

[Event "TCh-ESP Div 1 2016"]
[Site "Linares ESP"]
[Date "2016.08.25"]
[Round "6"]
[Board "4"]
[White "Barrero Garcia, Carlos"]
[Black "Martin Duque, Jesus"]
[Result "0-1"]
[WhiteTitle "IM"]
[BlackTitle "FM"]
[WhiteElo "2355"]
[BlackElo "2301"]
[WhiteTeam "OROMANA SCHNEIDER ELECTRIC"]
[BlackTeam "AJEDREZ COLLADO VILLALBA"]
[WhiteFideId "2219522"]
[BlackFideId "2208954"]
[EventDate "2016.08.20"]

1. e4 e6 2. d4 d5 3. Nd2 Be7 4. Ngf3 Nf6 5. e5 Nfd7 6. Bd3 c5 7. c3 Nc6 8. h4
Qb6 9. h5 cxd4 10. cxd4 Nxd4 11. h6 g6 12. Nxd4 Qxd4 13. Nf3 Qg4 14. Rh3 Nc5 15.
Rg3 Qb4+ 16. Kf1 Nxd3 17. Qxd3 Bd7 18. Kg1 Bb5 19. Qd4 Qxd4 20. Nxd4 Bd7 21. Bg5
Bxg5 22. Rxg5 Ke7 23. Rg3 Rac8 24. Rd1 f6 25. exf6+ Kxf6 26. Rf3+ Ke7 27. Re3
Kd6 28. f4 Rhf8 29. Rde1 Rxf4 30. Nxe6 Rg4 31. g3 d4 32. R3e2 Rxg3+ 33. Kf2 Rh3
34. Nxd4 Rxh6 35. Kg3 Rh3+ 36. Kg2 Rd3 37. Nb3 Rc4 38. Nd2 Bc6+ 39. Kf2 Rf4+ 40.
Kg1 Bd5 41. Nf1 Rg4+ 0-1

[Event "TCh-ESP Div 1 2016"]
[Site "Linares ESP"]
[Date "2016.08.25"]
[Round "6"]
[Board "1"]
[White "Garcia Castro, Pablo"]
[Black "Alsina Leal, Daniel"]
[Result "0-1"]
[WhiteTitle "IM"]
[BlackTitle "GM"]
[WhiteElo "2356"]
[BlackElo "2521"]
[WhiteTeam "UNIVERSIDAD DE VIGO"]
[BlackTeam "CLUB D'ESCACS BARBERA"]
[WhiteFideId "2209365"]
[BlackFideId "2252627"]
[EventDate "2016.08.20"]

1. Nf3 Nf6 2. g3 d5 3. Bg2 c6 4. O-O Bf5 5. c4 e6 6. cxd5 exd5 7. d3 Be7 8. Nc3
O-O 9. Qb3 Na6 10. Nd4 Bc8 11. Qc2 c5 12. Nf3 Nb4 13. Qd1 d4 14. Ne4 Nxe4 15.
dxe4 Be6 16. b3 b5 17. Bb2 Qb6 18. a3 Nc6 19. b4 cxb4 20. Nxd4 Rfd8 21. Nxc6
Qxc6 22. Qb1 b3 23. e5 Bd5 24. Rc1 Qe6 25. Bxd5 Rxd5 26. Bc3 Rc5 27. Bd4 Rc4 28.
Qb2 Rac8 29. Rxc4 Rxc4 30. Bxa7 Rc2 31. Qd4 b2 32. Rf1 Qa2 33. e6 fxe6 34. Qd7
Bf8 35. Kg2 Rc1 36. Qe8 b1=Q 37. Bc5 Qd5+ 0-1

[Event "TCh-ESP Div 1 2016"]
[Site "Linares ESP"]
[Date "2016.08.25"]
[Round "6"]
[Board "2"]
[White "Alonso Moyano, Jonathan"]
[Black "Guerra Bastida, Diego"]
[Result "0-1"]
[WhiteTitle "IM"]
[BlackTitle "IM"]
[WhiteElo "2406"]
[BlackElo "2322"]
[WhiteTeam "CLUB D'ESCACS BARBERA"]
[BlackTeam "UNIVERSIDAD DE VIGO"]
[WhiteFideId "2216019"]
[BlackFideId "2201089"]
[EventDate "2016.08.20"]

1. e4 c5 2. Nf3 d6 3. d4 cxd4 4. Nxd4 Nf6 5. Nc3 a6 6. h3 e5 7. Nde2 h5 8. Bg5
Be7 9. Ng3 g6 10. Bxf6 Bxf6 11. Bc4 Be6 12. Nd5 Bg5 13. c3 Nd7 14. O-O Rc8 15.
Bb3 Nc5 16. Bc2 O-O 17. Re1 Kg7 18. Nf1 b5 19. a4 bxa4 20. Bxa4 a5 21. Bc2 Rb8
22. Rb1 Ra8 23. b4 axb4 24. cxb4 Bxd5 25. exd5 Nd7 26. Ba4 Nb6 27. Bc6 Rb8 28.
Ne3 f5 29. Qc2 f4 30. Nd1 f3 31. g3 Qc8 32. Kh2 Nxd5 33. Qa4 Ne7 34. Bb5 h4 35.
Bd7 hxg3+ 36. fxg3 Qc7 37. Nf2 Ra8 38. Qb5 Rfb8 39. Qd3 Qxd7 40. Qxf3 Qf5 41.
Qe2 Qe6 42. Rb2 d5 43. Nd3 Nc6 44. Kg2 Bf6 45. Qd2 Rd8 46. b5 Na5 47. Qf2 Nc4
48. Ra2 d4 49. Rxa8 Rxa8 50. Qxd4 Ra2+ 51. Nf2 exd4 52. Rxe6 d3 53. Kf3 d2 54.
Ra6 Rb2 55. Ra7+ Kg8 56. Rb7 Rb3+ 57. Ke2 Rxg3 58. Rc7 Re3+ 59. Kf1 Re1+ 60. Kg2
Bd4 0-1

[Event "TCh-ESP Div 1 2016"]
[Site "Linares ESP"]
[Date "2016.08.25"]
[Round "6"]
[Board "3"]
[White "Rodriguez Lopez, Rafael"]
[Black "Martinez Ramirez, Erik"]
[Result "1/2-1/2"]
[WhiteTitle "IM"]
[BlackTitle "FM"]
[WhiteElo "2270"]
[BlackElo "2285"]
[WhiteTeam "UNIVERSIDAD DE VIGO"]
[BlackTeam "CLUB D'ESCACS BARBERA"]
[WhiteFideId "2204495"]
[BlackFideId "22202366"]
[EventDate "2016.08.20"]

1. d4 Nf6 2. c4 g6 3. Nc3 d5 4. Nf3 Bg7 5. Qb3 dxc4 6. Qxc4 O-O 7. e4 Nc6 8. Be2
Nd7 9. Be3 Nb6 10. Qc5 f5 11. Rd1 fxe4 12. Nxe4 Be6 13. Nc3 Rf5 14. Ne5 Qf8 15.
O-O Nxe5 16. dxe5 Bxe5 17. Bg4 Rf6 18. Qxe5 Bxg4 19. f3 Re6 20. Qxc7 Rxe3 21.
fxg4 Qc8 22. Qf4 Qe6 23. h3 Nc4 24. Nd5 Re4 25. Qf2 Re2 26. Rfe1 Rxe1+ 27. Qxe1
Qxe1+ 28. Rxe1 Nb6 29. Nc7 Rc8 30. Rxe7 Kf8 31. Rxh7 Kg8 32. Re7 Kf8 33. Rh7 Kg8
34. Re7 Kf8 35. Rh7 1/2-1/2

[Event "TCh-ESP Div 1 2016"]
[Site "Linares ESP"]
[Date "2016.08.25"]
[Round "6"]
[Board "4"]
[White "Martin Capitan, Feliciano"]
[Black "Padeiro, Jose"]
[Result "0-1"]
[BlackTitle "FM"]
[WhiteElo "2116"]
[BlackElo "2285"]
[WhiteTeam "CLUB D'ESCACS BARBERA"]
[BlackTeam "UNIVERSIDAD DE VIGO"]
[WhiteFideId "2223562"]
[BlackFideId "1901311"]
[EventDate "2016.08.20"]

1. e4 c6 2. d4 d5 3. Nc3 dxe4 4. Nxe4 Bf5 5. Ng3 Bg6 6. h4 h6 7. Nf3 Nd7 8. Bd3
Bxd3 9. Qxd3 e6 10. Bd2 Ngf6 11. c4 Qc7 12. Bc3 Be7 13. Qe2 O-O 14. O-O Qf4 15.
Rfe1 Qg4 16. Rad1 Rfd8 17. b4 Bd6 18. Ne4 Nxe4 19. Qxe4 Qxe4 20. Rxe4 b5 21.
cxb5 cxb5 22. d5 Nb6 23. Rg4 Bf8 24. d6 Nd5 25. Bd2 h5 26. Rg5 g6 27. g4 hxg4
28. Rxg4 Rxd6 29. h5 Nf6 30. Rg5 Bh6 31. Rxb5 Rad8 32. hxg6 fxg6 33. Bxh6 Rxd1+
34. Kg2 R1d5 35. Rb7 R5d7 36. Rb5 Nd5 37. Bg5 Rc8 38. Ne5 Rdc7 39. Nxg6 Rg7 40.
Rxd5 exd5 41. Ne7+ Kf7 42. Nxc8 Rxg5+ 43. Kf3 a6 44. b5 Rg8 45. Nd6+ Ke6 46. Nb7
axb5 47. Ke3 Rc8 48. Kd3 Rc4 49. f3 Kd7 50. a3 Kc7 51. Na5 Ra4 52. Nb3 Rxa3 53.
Kc3 Kb6 54. f4 Ra8 55. Kd4 0-1

[Event "TCh-ESP Div 1 2016"]
[Site "Linares ESP"]
[Date "2016.08.25"]
[Round "6"]
[Board "1"]
[White "Glavina, Pablo"]
[Black "Rakhmanov, Aleksandr"]
[Result "1/2-1/2"]
[WhiteTitle "IM"]
[BlackTitle "GM"]
[WhiteElo "2378"]
[BlackElo "2641"]
[WhiteTeam "STADIUM CASABLANCA"]
[BlackTeam "ESCOLA D'ESCACS DE BARCELONA"]
[WhiteFideId "100234"]
[BlackFideId "4173708"]
[EventDate "2016.08.20"]

1. e4 e6 2. d3 d5 3. Qe2 Nf6 4. Nf3 c5 5. g3 Nc6 6. Bg2 Be7 7. O-O h6 8. e5 Nd7
9. c4 d4 10. Na3 Qc7 11. Re1 a6 12. Nc2 b6 13. b4 Bb7 14. Rb1 Nxb4 15. Nxb4 cxb4
16. Nxd4 Bxg2 17. Kxg2 O-O 18. Nc2 b5 19. cxb5 axb5 20. Nxb4 Rfc8 21. Kg1 Ra4
22. a3 Bxb4 23. Rxb4 Qxe5 24. Qxe5 Nxe5 25. Rxe5 Rxc1+ 26. Kg2 Rxa3 27. Rexb5
Rc2 28. Rb8+ Kh7 29. R8b7 f5 30. Rb2 Rxb2 31. Rxb2 Kg6 32. Rd2 Kf6 33. h4 g5 34.
hxg5+ hxg5 35. Kf3 e5 36. Ke3 f4+ 37. gxf4 exf4+ 38. Ke4 Ra1 39. Re2 Rd1 40. d4
Kg6 41. Ke5 f3 42. Re3 g4 43. Kf4 Kh5 44. Re8 Rxd4+ 45. Kg3 Kg5 46. Re5+ Kf6 47.
Ra5 Kg6 1/2-1/2

[Event "TCh-ESP Div 1 2016"]
[Site "Linares ESP"]
[Date "2016.08.25"]
[Round "6"]
[Board "2"]
[White "Peralta, Fernando"]
[Black "Villuendas Valero, Adrian"]
[Result "1-0"]
[WhiteTitle "GM"]
[BlackTitle "FM"]
[WhiteElo "2587"]
[BlackElo "2329"]
[WhiteTeam "ESCOLA D'ESCACS DE BARCELONA"]
[BlackTeam "STADIUM CASABLANCA"]
[WhiteFideId "105309"]
[BlackFideId "2262460"]
[EventDate "2016.08.20"]

1. d4 Nf6 2. c4 c5 3. d5 b5 4. cxb5 a6 5. bxa6 g6 6. Nc3 Bxa6 7. Nf3 d6 8. g3
Bg7 9. Bg2 Nfd7 10. Bd2 Nb6 11. Qc1 O-O 12. Bh6 N8d7 13. h4 Nf6 14. h5 Bc8 15.
hxg6 fxg6 16. Bxg7 Kxg7 17. Qh6+ Kg8 18. Ng5 Rf7 19. Nxf7 Kxf7 20. Nb1 Ng8 1-0

[Event "TCh-ESP Div 1 2016"]
[Site "Linares ESP"]
[Date "2016.08.25"]
[Round "6"]
[Board "3"]
[White "Gomez Anadon, Daniel"]
[Black "Narciso Dublan, Marc"]
[Result "0-1"]
[WhiteTitle "FM"]
[BlackTitle "GM"]
[WhiteElo "2221"]
[BlackElo "2482"]
[WhiteTeam "STADIUM CASABLANCA"]
[BlackTeam "ESCOLA D'ESCACS DE BARCELONA"]
[WhiteFideId "2218151"]
[BlackFideId "2201500"]
[EventDate "2016.08.20"]

1. c4 Nf6 2. Nf3 c6 3. g3 d5 4. b3 Bg4 5. Bg2 e6 6. O-O Bd6 7. Bb2 Nbd7 8. d3
O-O 9. Nbd2 Re8 10. h3 Bh5 11. Qc2 e5 12. e4 dxe4 13. dxe4 Qc7 14. Nh4 Rad8 15.
Rae1 Nc5 16. b4 Nd3 17. c5 Nxe1 18. Rxe1 Bf8 19. Nc4 b6 20. cxb6 axb6 21. a3 b5
22. Ne3 Qb6 23. Bc3 Bd6 24. Nhf5 Bb8 25. g4 Bg6 26. h4 Bxf5 27. gxf5 Nh5 28. Qe2
Nf4 29. Qg4 f6 30. Bf1 Qa7 31. Bb2 Nd3 32. Bxd3 Rxd3 33. Qe2 Rd6 34. h5 Red8 35.
Bc1 h6 36. Kh2 Qf7 37. Rg1 Ba7 38. Rg6 Bxe3 39. Bxe3 Kh7 40. Rg1 Rd3 41. Rc1 Qe8
42. Bb6 R8d6 43. Bc5 Rd8 44. Bb6 R8d6 45. Bc5 Rd7 46. Be3 Rxa3 47. Rxc6 Rd2 48.
Bxd2 Qxc6 49. Qg4 Qe8 50. Be3 Rc3 51. Bc5 Rc4 52. f3 Kg8 53. Kh3 Rc3 54. Kh4 Qd7
55. Qg2 Qd1 56. Qa2+ Kh8 57. Qg2 Rxf3 58. Bf8 Rf4+ 0-1

[Event "TCh-ESP Div 1 2016"]
[Site "Linares ESP"]
[Date "2016.08.25"]
[Round "6"]
[Board "4"]
[White "Matnadze, Ana"]
[Black "Cortes Lizano, Jesus"]
[Result "1-0"]
[WhiteTitle "IM"]
[WhiteElo "2355"]
[BlackElo "2159"]
[WhiteTeam "ESCOLA D'ESCACS DE BARCELONA"]
[BlackTeam "STADIUM CASABLANCA"]
[WhiteFideId "13601377"]
[BlackFideId "2260808"]
[EventDate "2016.08.20"]

1. d4 d6 2. Nf3 g6 3. g3 Bg7 4. Bg2 Nd7 5. O-O e5 6. c4 Ne7 7. Nc3 O-O 8. e4
exd4 9. Nxd4 Nc6 10. Nde2 a5 11. Rb1 Nde5 12. b3 Nb4 13. h3 f5 14. f4 Nec6 15.
a3 Na6 16. Be3 Re8 17. Qd2 Qe7 18. Nd5 Qf7 19. b4 Ne7 20. e5 dxe5 21. b5 Nxd5
22. Bxd5 Be6 23. bxa6 Rxa6 24. Rfd1 Rd6 25. Bc5 Bxd5 26. cxd5 Rd7 27. Rxb7 Red8
28. Qxa5 g5 29. fxg5 f4 30. d6 f3 31. Rxc7 fxe2 32. Re1 Qf3 33. Bf2 Rxd6 34. Qa7
Bf8 35. Qe3 Qf5 36. g4 Qg6 37. Rxe2 Rd3 38. Qe4 Bxa3 39. Qxg6+ hxg6 40. Kg2 Bd6
41. Rc4 Rf8 42. Rce4 Rb8 43. R4e3 Rbb3 44. Rxd3 Rxd3 45. Bg3 Rd5 46. h4 Kf7 47.
Rf2+ Kg7 48. Rb2 Kg8 49. Rb3 Rd4 50. Kf3 Rc4 51. Bf2 e4+ 52. Ke2 Bf4 53. Be3 Bc7
54. h5 Rc2+ 55. Kd1 Rg2 56. Rb7 Rg3 57. Ke2 Ba5 58. h6 Bc3 59. Rb8+ Kh7 60. Rb3
Ba1 61. Rb7+ Kg8 62. Rb8+ Kh7 63. Rb1 Bc3 64. Rc1 Bb2 65. Rc7+ Kg8 66. Rb7 Ba1
67. Rb1 Bc3 68. Rb8+ Kh7 69. Rb7+ Kg8 70. Rb8+ Kh7 71. Rb3 Ba1 72. Rb7+ Kg8 73.
Rb1 Bc3 74. Rc1 Bb2 75. Rc8+ Kh7 76. Rc7+ Kg8 77. Rb7 Ba1 78. Bf4 Rxg4 79. Ke3
Bc3 80. Rd7 Bb2 81. Rc7 Rg1 82. Kxe4 Re1+ 83. Kd3 Kh8 84. Rb7 Ba1 85. Bd2 Re6
86. Rd7 Kg8 87. Kc4 Re4+ 88. Kd3 Re6 89. Bf4 Re1 90. Ra7 Bb2 91. Ra2 Ba1 92.
Ra8+ Kh7 93. Ra7+ Kg8 94. Ra8+ Kh7 1-0

[Event "TCh-ESP Div 1 2016"]
[Site "Linares ESP"]
[Date "2016.08.25"]
[Round "6"]
[Board "1"]
[White "Grandelius, Nils"]
[Black "Petkov, Vladimir"]
[Result "1-0"]
[WhiteTitle "GM"]
[BlackTitle "GM"]
[WhiteElo "2641"]
[BlackElo "2497"]
[WhiteTeam "CAC BENIAJAN - DUOCHESS"]
[BlackTeam "C.A. SILLA"]
[WhiteFideId "1710400"]
[BlackFideId "2901188"]
[EventDate "2016.08.20"]

1. c4 e6 2. Nc3 d5 3. d4 Nf6 4. Nf3 Nbd7 5. Bg5 h6 6. Bh4 c6 7. e3 Be7 8. Bd3
Nh5 9. Bxe7 Qxe7 10. O-O O-O 11. Rc1 Nhf6 12. Re1 dxc4 13. Bxc4 e5 14. Nh4 Rd8
15. Ng6 Qe8 16. f4 Nb6 17. Nxe5 Nxc4 18. Nxc4 Be6 19. Qe2 Rac8 20. Ne5 c5 21.
dxc5 Rxc5 22. Rcd1 Rdc8 23. e4 b5 24. a3 a5 25. Rd4 Rb8 26. Qd2 Qc8 27. Nd3 Rc4
28. Rxc4 Bxc4 29. Nf2 Qc7 30. e5 Nd7 31. Nce4 Nf8 32. Nd6 Qb6 33. h3 Ne6 34. Kh2
Qd4 35. Qxd4 Nxd4 36. Nfe4 Be6 37. Rd1 Nc2 38. f5 Bb3 39. Nc5 a4 40. e6 fxe6 41.
fxe6 Ne3 42. Re1 Nc4 43. Ncb7 Nxd6 44. Nxd6 1-0

[Event "TCh-ESP Div 1 2016"]
[Site "Linares ESP"]
[Date "2016.08.25"]
[Round "6"]
[Board "2"]
[White "Oliva Castaneda, Kevel"]
[Black "Mchedlishvili, Mikheil"]
[Result "1/2-1/2"]
[WhiteTitle "IM"]
[BlackTitle "GM"]
[WhiteElo "2491"]
[BlackElo "2609"]
[WhiteTeam "C.A. SILLA"]
[BlackTeam "CAC BENIAJAN - DUOCHESS"]
[WhiteFideId "3500799"]
[BlackFideId "13600966"]
[EventDate "2016.08.20"]

1. Nf3 Nf6 2. c4 c5 3. Nc3 d5 4. cxd5 Nxd5 5. e3 Nxc3 6. bxc3 g6 7. Bb5+ Nd7 8.
O-O Bg7 9. d4 O-O 10. a4 Qc7 11. Ba3 b6 12. a5 Nf6 13. Ne5 Ne4 14. Bb2 Bf5 15.
Nc4 Be6 16. axb6 axb6 17. Qe2 Rfc8 18. Rxa8 Rxa8 19. Ra1 Rxa1+ 20. Bxa1 Qa7 21.
Qb2 Nd6 22. Nxd6 exd6 23. h3 d5 24. dxc5 bxc5 25. Bd3 h5 26. Qc1 Qa2 27. Bb2 Qb3
28. Qc2 Qa2 29. Qb1 Qb3 30. Qc2 c4 31. Bf1 Bc8 1/2-1/2

[Event "TCh-ESP Div 1 2016"]
[Site "Linares ESP"]
[Date "2016.08.25"]
[Round "6"]
[Board "3"]
[White "Ibarra Jerez, Jose Carlos"]
[Black "Granero Roca, Antonio"]
[Result "1/2-1/2"]
[WhiteTitle "GM"]
[BlackTitle "IM"]
[WhiteElo "2563"]
[BlackElo "2417"]
[WhiteTeam "CAC BENIAJAN - DUOCHESS"]
[BlackTeam "C.A. SILLA"]
[WhiteFideId "2226332"]
[BlackFideId "2210509"]
[EventDate "2016.08.20"]

1. e4 e5 2. Nf3 Nf6 3. Nc3 Nc6 4. Bb5 Nd4 5. Bc4 Nxf3+ 6. Qxf3 d6 7. d3 Be7 8.
h3 c6 9. O-O O-O 10. Bb3 Be6 11. Qe2 Nd7 12. f4 exf4 13. Bxf4 Nc5 14. Bxe6 Nxe6
15. Be3 Bf6 16. Qd2 Bd4 17. Bxd4 Nxd4 18. Qf2 Ne6 19. Nd1 Qb6 20. Qxb6 axb6 21.
Ne3 Rfd8 22. a3 Rd7 23. Rf5 Nd4 24. Rf2 Re8 25. Nf5 Nxf5 26. Rxf5 Re5 27. Rxe5
dxe5 28. a4 f6 29. Kf2 Rd8 30. b3 Kf7 31. Ke3 1/2-1/2